[Event "SRB-chT 2nd League West"]
[Site "Kragujevac"]
[Date "2019.10.04"]
[Round "8.6"]
[White "Matovic, Petar"]
[Black "Isak, Igor G"]
[Result "1-0"]
[WhiteElo "2021"]
[BlackElo "1980"]
[PlyCount "125"]
[EventDate "2019.09.06"]
[EventType "team-tourn"]
[EventRounds "11"]
[EventCountry "SRB"]
[SourceTitle "EXT 2020"]
[Source "ChessBase"]
[SourceDate "2019.10.17"]
[SourceVersion "1"]
[SourceVersionDate "2019.10.17"]
[SourceQuality "1"]
[WhiteTeam "Cacak Borac"]
[BlackTeam "Smederevo"]
[WhiteTeamCountry "SRB"]
[BlackTeamCountry "SRB"]

1. d4 e6 2. Nf3 Nf6 3. Bf4 c5 4. e3 b6 5. Nbd2 Bb7 6. Bd3 Be7 7. c3 d6 8. Qe2 Nh5 9. Bg3 Nd7 10. e4 Nxg3 11. hxg3 e5 12. d5 a6 13. a4 g6 14. Nf1 Bf6 15. Ne3 Bg7 16. Nc4 Qe7 17. 0-0 0-0 18. Nh4 Rae8 19. Ne3 a5 20. Bb5 Rb8 21. Nhf5 gxf5 22. Nxf5 Qf6 23. Bxd7 Rbd8 24. Qb5 Bc8 25. Bxc8 Rxc8 26. Rfe1 Rb8 27. Re3 Kh8 28. Rf3 Qg6 29. Qd3 Bh6 30. c4 Rb7 31. Nh4 Qg4 32. Nf5 Qg6 33. Ra3 Rg8 34. Rb3 Bf8 35. Nh4 Qg5 36. Qc2 Bh6 37. Nf5 Bf8 38. Qc3 Rb8 39. Qe3 Qd8 40. Nh4 Rb7 41. Rf5 f6 42. Qf3 Rbg7 43. Rxf6 Be7 44. Rh6 Bg5 45. Rh5 Bxh4 46. Rxh4 Rf8 47. Qh5 Rff7 48. Rf3 Qf8 49. Rxf7 Rxf7 50. b3 Qg7 51. Qh6 Rf6 52. Qxg7+ Kxg7 53. f3 h6 54. Kf2 Kf7 55. Rg4 h5 56. Rh4 Kg6 57. f4 Rf8 58. Kf3 Rf7 59. Ke3 Rf8 60. Rh1 Rf7 61. Rf1 Re7 62. fxe5 Rxe5 63. Rf8 1-0

[Event "SRB-chT2 West"]
[Site "Arandjelovac"]
[Date "2018.10.06"]
[Round "9.5"]
[White "Isak, Igor G"]
[Black "Cvijovic, Marko"]
[Result "1-0"]
[WhiteElo "2004"]
[BlackElo "1654"]
[PlyCount "61"]
[EventDate "2018.09.07"]
[EventType "team-tourn"]
[EventRounds "11"]
[EventCountry "SRB"]
[SourceTitle "EXT 2021"]
[Source "ChessBase"]
[SourceDate "2020.10.23"]
[SourceVersion "1"]
[SourceVersionDate "2020.10.23"]
[SourceQuality "1"]
[WhiteTeam "Smederevo"]
[BlackTeam "Uzice Sloboda"]
[WhiteTeamCountry "SRB"]
[BlackTeamCountry "SRB"]

1. e4 e5 2. Bc4 Nf6 3. d3 Bc5 4. Nc3 h6 5. Be3 Bxe3 6. fxe3 Nc6 7. Nf3 d6 8. a3 Qe7 9. Qd2 Be6 10. Nd5 Bxd5 11. exd5 Nb8 12. 0-0 Nbd7 13. a4 a6 14. a5 b5 15. Ba2 g6 16. b4 Kf8 17. c4 e4 18. Nd4 Ne5 19. cxb5 axb5 20. Nc6 Nxc6 21. dxc6 Kg7 22. Qc3 Rhf8 23. Rf2 Qe5 24. Qxe5 dxe5 25. Raf1 Ne8 26. Rxf7+ Rxf7 27. Rxf7+ Kh8 28. dxe4 Nd6 29. Rxc7 Nxe4 30. Re7 Nf6 31. Rf7 1-0

[Event "SRB-chT2 West"]
[Site "Arandjelovac"]
[Date "2018.09.09"]
[Round "5.3"]
[White "Isak, Igor G"]
[Black "Glisic, Luka"]
[Result "1-0"]
[WhiteElo "2004"]
[BlackElo "1435"]
[PlyCount "25"]
[EventDate "2018.09.07"]
[EventType "team-tourn"]
[EventRounds "11"]
[EventCountry "SRB"]
[SourceTitle "EXT 2021"]
[Source "ChessBase"]
[SourceDate "2020.10.23"]
[SourceVersion "1"]
[SourceVersionDate "2020.10.23"]
[SourceQuality "1"]
[WhiteTeam "Smederevo"]
[BlackTeam "Lipnicki Sor Sloga"]
[WhiteTeamCountry "SRB"]
[BlackTeamCountry "SRB"]

1. d4 Nf6 2. Nf3 d5 3. c4 e6 4. Nc3 Be7 5. Bg5 0-0 6. e3 b6 7. cxd5 Nxd5 8. Bxe7 Qxe7 9. Bd3 Bb7 10. h4 Nd7 11. Ng5 h6 12. Qh5 hxg5 13. Qh7# 1-0

[Event "SRB-chT2 West"]
[Site "Arandjelovac"]
[Date "2018.09.08"]
[Round "2.2"]
[White "Isak, Igor G"]
[Black "Simic, Goran S"]
[Result "1/2-1/2"]
[WhiteElo "2004"]
[BlackElo "2068"]
[PlyCount "44"]
[EventDate "2018.09.07"]
[EventType "team-tourn"]
[EventRounds "11"]
[EventCountry "SRB"]
[SourceTitle "EXT 2021"]
[Source "ChessBase"]
[SourceDate "2020.10.23"]
[SourceVersion "1"]
[SourceVersionDate "2020.10.23"]
[SourceQuality "1"]
[WhiteTeam "Smederevo"]
[BlackTeam "Loznica Grad"]
[WhiteTeamCountry "SRB"]
[BlackTeamCountry "SRB"]

1. d4 d5 2. Nf3 Nf6 3. c4 e6 4. Nc3 Be7 5. g3 0-0 6. Bg2 b6 7. cxd5 exd5 8. 0-0 Bb7 9. Bf4 c6 10. Rc1 Nbd7 11. a3 Re8 12. Re1 Nf8 13. Ne5 Ng6 14. Nxg6 hxg6 15. b4 Bd6 16. Qd2 a5 17. Rb1 axb4 18. axb4 b5 19. Bxd6 Qxd6 20. e3 Ra3 21. Ne2 Rea8 22. Nf4 Bc8 1/2-1/2

[Event "Veliko Gradiste Silver Lake op-B"]
[Site "Veliko Gradiste"]
[Date "2017.06.24"]
[Round "8"]
[White "Isak, Igor G"]
[Black "Ilic, Slobodan S"]
[Result "1-0"]
[WhiteElo "2075"]
[BlackElo "2071"]
[PlyCount "61"]
[EventDate "2017.06.18"]
[EventType "swiss"]
[EventRounds "9"]
[EventCountry "SRB"]
[SourceTitle "CBM 179 Extra"]
[Source "ChessBase"]
[SourceDate "2017.08.23"]
[SourceVersion "1"]
[SourceVersionDate "2017.08.23"]
[SourceQuality "1"]

1. e4 g6 2. f4 Bg7 3. Nc3 d6 4. Nf3 c5 5. Bc4 Nc6 6. 0-0 Nf6 7. d3 0-0 8. a4 Bg4 9. Be3 b6 10. h3 Bxf3 11. Qxf3 Nb4 12. Bb3 Nd7 13. g4 Rc8 14. Rf2 Nc6 15. Kh1 Nd4 16. Bxd4 Bxd4 17. Rh2 e6 18. g5 h5 19. gxh6 Qh4 20. Rf1 Bxc3 21. bxc3 Kh7 22. Rg2 Qxh6 23. c4 Rce8 24. c3 Re7 25. d4 f6 26. Bc2 f5 27. Rfg1 Rg7 28. d5 fxe4 29. Qxe4 exd5 30. Qe6 Qh4 31. Rxg6 1-0

[Event "Veliko Gradiste Silver Lake op-B"]
[Site "Veliko Gradiste"]
[Date "2017.06.18"]
[Round "1"]
[White "Genov, Valentin"]
[Black "Isak, Igor G"]
[Result "0-1"]
[WhiteElo "1690"]
[BlackElo "2075"]
[PlyCount "90"]
[EventDate "2017.06.18"]
[EventType "swiss"]
[EventRounds "9"]
[EventCountry "SRB"]
[SourceTitle "CBM 179 Extra"]
[Source "ChessBase"]
[SourceDate "2017.08.23"]
[SourceVersion "1"]
[SourceVersionDate "2017.08.23"]
[SourceQuality "1"]

1. d4 e6 2. c4 Bb4+ 3. Nc3 f5 4. Nf3 Nf6 5. Bd2 0-0 6. e3 b6 7. Be2 Bb7 8. 0-0 Bxc3 9. Bxc3 Ne4 10. d5 Nxc3 11. bxc3 Qf6 12. dxe6 dxe6 13. Qd4 Nc6 14. Qxf6 Rxf6 15. Rad1 Rf7 16. Rd2 Re7 17. Rfd1 g6 18. Rd7 Rae8 19. Rxe7 Rxe7 20. Nd4 Ne5 21. f4 Nf7 22. Bf3 Bxf3 23. Nxf3 c5 24. Ne5 Nxe5 25. fxe5 g5 26. g3 Kf7 27. Kf2 Rb7 28. Rb1 Ke7 29. Ke2 Rb8 30. a3 h5 31. a4 Rh8 32. h3 h4 33. g4 fxg4 34. hxg4 h3 35. Rh1 h2 36. Kf3 Kd7 37. Kg3 Kc6 38. Rxh2 Rxh2 39. Kxh2 Kb7 40. Kg3 Ka6 41. Kf2 Ka5 42. Ke2 Kxa4 43. e4 Kb3 44. Kd3 a5 45. Kd2 Kb2 0-1

[Event "Grocka op"]
[Site "Grocka"]
[Date "2015.07.29"]
[Round "7"]
[White "Weinzettl, Ernst"]
[Black "Isak, Igor G"]
[Result "1/2-1/2"]
[WhiteElo "2301"]
[BlackElo "2044"]
[PlyCount "80"]
[EventDate "2015.07.23"]
[EventType "swiss"]
[EventRounds "9"]
[EventCountry "SRB"]
[SourceTitle "EXT 2016"]
[Source "ChessBase"]
[SourceDate "2015.10.08"]
[SourceVersion "1"]
[SourceVersionDate "2015.10.08"]
[SourceQuality "1"]

1. e4 e6 2. d4 d5 3. Nc3 Nf6 4. Bg5 dxe4 5. Nxe4 Be7 6. Bxf6 gxf6 7. Nf3 f5 8. Nc3 a6 9. Bc4 c5 10. d5 b5 11. Qe2 bxc4 12. 0-0-0 Qb6 13. Ne5 Ra7 14. f4 Nd7 15. Nxc4 Qb8 16. dxe6 Qxf4+ 17. Kb1 Nf6 18. exf7+ Kf8 19. Rhe1 Kg7 20. Rf1 Qh6 21. Ne5 Rc7 22. Rd3 Rf8 23. Rh3 Qg5 24. Rg3 Ng4 25. Nf3 Qg6 26. Nd5 Bd6 27. Nxc7 Bxc7 28. Nh4 Qg5 29. Rh3 f4 30. Nf3 Qf6 31. Rh5 Qxf7 32. Rxh7+ Kxh7 33. Ng5+ Kg7 34. Nxf7 Rxf7 35. a3 Ne3 36. Rf2 Ng4 37. Rf3 Ne3 38. Rf2 Ng4 39. Rf3 Ne3 40. Rf2 Ng4 1/2-1/2

[Event "SRB Central-ch op-B 8th"]
[Site "Paracin"]
[Date "2015.07.08"]
[Round "7"]
[White "Sukovic, Andrej"]
[Black "Isak, Igor G"]
[Result "0-1"]
[WhiteElo "1962"]
[BlackElo "2044"]
[PlyCount "60"]
[EventDate "2015.07.03"]
[EventType "swiss"]
[EventRounds "9"]
[EventCountry "SRB"]
[SourceTitle "CBM 167 Extra"]
[Source "ChessBase"]
[SourceDate "2015.09.14"]
[SourceVersion "1"]
[SourceVersionDate "2015.09.14"]
[SourceQuality "1"]

1. e4 e6 2. d4 d5 3. Nc3 Nf6 4. Bd3 c5 5. Bg5 cxd4 6. Bb5+ Bd7 7. Qxd4 Be7 8. exd5 Bxb5 9. Nxb5 a6 10. Nc3 Nc6 11. Qd2 Nxd5 12. Bxe7 Ncxe7 13. Nxd5 Qxd5 14. 0-0-0 0-0 15. Nf3 Qxa2 16. Qb4 Nd5 17. Qa3 Qxa3 18. bxa3 Rac8 19. Rd2 Rc3 20. Kb2 Rfc8 21. Ng5 b5 22. Ne4 R3c6 23. Re1 h6 24. g4 Nb6 25. Rde2 Nc4+ 26. Kb3 Rd8 27. Nc3 Nd2+ 28. Kb2 Nf3 29. Rd1 Rxd1 30. Nxd1 Nxh2 0-1

[Event "SRB Central-ch op-B 8th"]
[Site "Paracin"]
[Date "2015.07.07"]
[Round "6"]
[White "Isak, Igor G"]
[Black "Stahlberg, Adam"]
[Result "1-0"]
[WhiteElo "2044"]
[BlackElo "1945"]
[PlyCount "59"]
[EventDate "2015.07.03"]
[EventType "swiss"]
[EventRounds "9"]
[EventCountry "SRB"]
[SourceTitle "CBM 167 Extra"]
[Source "ChessBase"]
[SourceDate "2015.09.14"]
[SourceVersion "1"]
[SourceVersionDate "2015.09.14"]
[SourceQuality "1"]

1. d4 Nf6 2. Nf3 e6 3. Bg5 h6 4. Bh4 d5 5. Nbd2 Be7 6. e3 c5 7. c3 cxd4 8. exd4 Bd7 9. Bd3 Bc6 10. Qe2 Nbd7 11. 0-0 0-0 12. h3 Re8 13. Bg3 Nf8 14. Ne5 Bd6 15. f4 Qb6 16. Rab1 a5 17. Bh4 N6h7 18. Ndf3 Be7 19. Bf2 Reb8 20. f5 Be8 21. Rbe1 a4 22. a3 Ra5 23. fxe6 Nxe6 24. Bg3 Rc8 25. Nh4 Bxh4 26. Bxh4 Nhg5 27. Bxg5 Nxg5 28. Nc4 dxc4 29. Qxe8+ Rxe8 30. Rxe8# 1-0

[Event "SRB Central-ch op-B 8th"]
[Site "Paracin"]
[Date "2015.07.07"]
[Round "5"]
[White "Ratkovic, Petar"]
[Black "Isak, Igor G"]
[Result "0-1"]
[WhiteElo "1847"]
[BlackElo "2044"]
[PlyCount "112"]
[EventDate "2015.07.03"]
[EventType "swiss"]
[EventRounds "9"]
[EventCountry "SRB"]
[SourceTitle "CBM 167 Extra"]
[Source "ChessBase"]
[SourceDate "2015.09.14"]
[SourceVersion "1"]
[SourceVersionDate "2015.09.14"]
[SourceQuality "1"]

1. d4 Nf6 2. Nf3 c5 3. e3 cxd4 4. exd4 d5 5. Bd3 Bg4 6. Bf4 Nc6 7. c3 Qb6 8. Bc1 e6 9. Nbd2 Bd6 10. 0-0 Qc7 11. Re1 Bxh2+ 12. Kh1 Bf4 13. Be2 0-0 14. g3 Bd6 15. Kg2 Rae8 16. Ne5 Bf5 17. f4 Ne4 18. Ndf3 f6 19. Nxc6 bxc6 20. Nh4 Bg6 21. Nxg6 hxg6 22. Bd3 f5 23. Rh1 Kf7 24. Be3 Rh8 25. Qb3 Rb8 26. Qc2 Rh6 27. c4 Rbh8 28. Bxe4 fxe4 29. c5 Be7 30. Qf2 Rxh1 31. Rxh1 Rxh1 32. Kxh1 Qa5 33. a3 Qa4 34. Qd2 Bf6 35. Kg2 Bd8 36. Qe2 Bf6 37. Qd2 Qb5 38. Kf2 Bd8 39. Qc3 Bc7 40. Bd2 Ke7 41. b3 Qb8 42. Qe3 Qh8 43. Kg2 Qh5 44. Be1 Qd1 45. Bd2 Kd7 46. b4 Bd8 47. Be1 Bf6 48. Bf2 a6 49. Qc3 g5 50. Qe3 Qg4 51. fxg5 Bxg5 52. Qe1 Qf3+ 53. Kh2 e3 54. Bg1 e2 55. a4 Qf1 56. Bf2 Bd2 0-1

[Event "SRB Central-ch op-B 7th"]
[Site "Paracin"]
[Date "2014.07.07"]
[Round "4"]
[White "Isak, Igor G"]
[Black "Zajic, Milun"]
[Result "0-1"]
[WhiteElo "2062"]
[BlackElo "1970"]
[PlyCount "98"]
[EventDate "2014.07.04"]
[EventType "swiss"]
[EventRounds "9"]
[EventCountry "SRB"]
[SourceTitle "CBM 161 Extra"]
[Source "ChessBase"]
[SourceDate "2014.08.29"]
[SourceVersion "1"]
[SourceVersionDate "2014.08.29"]
[SourceQuality "1"]

1. d4 Nf6 2. c4 e6 3. Nc3 Bb4 4. g3 c5 5. Nf3 0-0 6. Bg2 d6 7. 0-0 Bxc3 8. bxc3 Qe7 9. Bf4 Rd8 10. Qc2 h6 11. Rfe1 Nc6 12. Rad1 Nd7 13. d5 Nce5 14. Nxe5 Nxe5 15. Bxe5 dxe5 16. e4 b6 17. Bf1 g5 18. Be2 Bd7 19. Qc1 Kg7 20. Kh1 Qf6 21. Qe3 Rg8 22. Rf1 exd5 23. cxd5 Bh3 24. Rg1 Bd7 25. Rdf1 Qe7 26. Bh5 Raf8 27. f4 f6 28. f5 c4 29. h4 Rc8 30. Rf2 Qd6 31. Rh2 a5 32. hxg5 hxg5 33. Bg6 Rh8 34. Rgg2 Ba4 35. Qd2 b5 36. Rxh8 Rxh8+ 37. Rh2 Qb8 38. Qf2 Qc7 39. d6 Qb7 40. Rxh8 Kxh8 41. Qh2+ Kg8 42. Qh7+ Qxh7+ 43. Bxh7+ Kf8 44. Bg8 Ke8 45. Kg2 Kd7 46. Kf2 Kxd6 47. Ke3 Kc5 48. Be6 b4 49. Kd2 Bc6 0-1

[Event "Pozarevac City-chA"]
[Site "Pozarevac"]
[Date "2013.12.28"]
[Round "2"]
[White "Secheres, Adrian Simion"]
[Black "Isak, Igor G"]
[Result "1-0"]
[WhiteElo "2167"]
[BlackElo "2082"]
[PlyCount "61"]
[EventDate "2013.12.27"]
[EventType "swiss"]
[EventRounds "5"]
[EventCountry "SRB"]
[SourceTitle "CBM 158 Extra"]
[Source "ChessBase"]
[SourceDate "2014.02.28"]
[SourceVersion "1"]
[SourceVersionDate "2014.02.28"]
[SourceQuality "1"]

1. d4 d5 2. c4 dxc4 3. Nf3 Nf6 4. e3 Bg4 5. Bxc4 e6 6. h3 Bh5 7. Qb3 Bxf3 8. gxf3 Nbd7 9. Qxb7 c5 10. Nc3 cxd4 11. exd4 Rc8 12. Bb3 Rc7 13. Qb5 Qc8 14. Bd2 Be7 15. 0-0 0-0 16. Rac1 e5 17. Nd5 Nxd5 18. Qxd5 exd4 19. Bf4 Rc5 20. Rxc5 Nxc5 21. Rc1 Qxh3 22. Rxc5 Bxc5 23. Qxc5 Qxf3 24. Qxd4 Qg4+ 25. Kf1 h5 26. Be3 Qh3+ 27. Ke2 h4 28. Qe4 Qh2 29. Bc5 Rc8 30. Bxf7+ Kh8 31. Bd4 1-0

[Event "SRB Central-ch op-A 6th"]
[Site "Paracin"]
[Date "2013.07.09"]
[Round "6"]
[White "Isak, Igor G"]
[Black "Nestorovic, Dejan"]
[Result "0-1"]
[WhiteElo "2053"]
[BlackElo "2411"]
[PlyCount "88"]
[EventDate "2013.07.05"]
[EventType "swiss"]
[EventRounds "9"]
[EventCountry "SRB"]
[SourceTitle "CBM 155 Extra"]
[Source "ChessBase"]
[SourceDate "2013.08.26"]
[SourceVersion "1"]
[SourceVersionDate "2013.08.26"]
[SourceQuality "1"]

1. e4 c5 2. Nf3 e6 3. Nc3 a6 4. g3 Nc6 5. Bg2 d6 6. 0-0 Nf6 7. Re1 Qc7 8. d4 cxd4 9. Nxd4 Be7 10. Be3 0-0 11. Qe2 Bd7 12. Rad1 b5 13. a3 Rab8 14. Nxc6 Bxc6 15. Bd4 e5 16. Nd5 Bxd5 17. exd5 Rfe8 18. Bc3 Nd7 19. Qd2 f5 20. f4 Bf6 21. Kh1 Rbc8 22. fxe5 Bxe5 23. Bxe5 Rxe5 24. Rxe5 Nxe5 25. c3 Qc5 26. Qd4 Nc4 27. Qxc5 Rxc5 28. Rb1 Rc7 29. Bf1 Kf7 30. Kg1 Ne3 31. a4 Rc5 32. axb5 axb5 33. Kf2 Nxf1 34. Rxf1 Rxd5 35. Ke3 g5 36. h4 h6 37. hxg5 hxg5 38. Ra1 Kg6 39. Ra5 Kh5 40. Kf3 Rd3+ 41. Ke2 Rxg3 42. Rxb5 f4 43. Kf2 Rh3 44. Kg2 Rd3 0-1

[Event "SRB-chT3 North"]
[Site "Kragujevac"]
[Date "2010.09.19"]
[Round "2"]
[White "Dragasevic, Dragan"]
[Black "Isak, Igor G"]
[Result "1-0"]
[WhiteElo "2188"]
[BlackElo "2010"]
[PlyCount "99"]
[EventDate "2010.09.12"]
[EventType "team"]
[EventRounds "11"]
[EventCountry "SRB"]
[SourceTitle "EXT 2012"]
[Source "ChessBase"]
[SourceDate "2011.11.24"]
[SourceVersion "1"]
[SourceVersionDate "2011.11.24"]
[SourceQuality "1"]

1. d4 d5 2. c4 c6 3. Nc3 Nf6 4. Nf3 a6 5. cxd5 cxd5 6. Qb3 Nc6 7. Bg5 e6 8. e3 Be7 9. Bd3 Bd7 10. 0-0 b5 11. Rac1 0-0 12. Rfd1 Rc8 13. a3 h6 14. Bf4 Nh5 15. Be5 f6 16. Bg3 Nxg3 17. hxg3 f5 18. Rc2 Qb6 19. Nxd5 Qd8 20. Nf4 Qb6 21. Qa2 b4 22. Rcc1 b3 23. Qb1 Bf6 24. Bc4 Na5 25. Be2 Bb5 26. Bxb5 axb5 27. Qd3 g5 28. Ng6 Rfd8 29. Nfe5 Kg7 30. g4 Rxc1 31. Rxc1 Nc4 32. Qxb3 Nxe5 33. dxe5 Kxg6 34. gxf5+ exf5 35. exf6 Kxf6 36. Qc3+ Kg6 37. g3 Rd6 38. Qe5 Re6 39. Qc5 Qb7 40. Rd1 Rc6 41. Qd5 Qb6 42. Qg8+ Kf6 43. Rd5 Rd6 44. Qf8+ Ke6 45. Qxf5+ Ke7 46. Re5+ Kd8 47. Qf8+ Kc7 48. b4 Rd1+ 49. Kh2 Qc6 50. e4 1-0

[Event "Belgrade Winter op"]
[Site "Belgrade"]
[Date "2008.01.29"]
[Round "8"]
[White "Isak, Igor G"]
[Black "Grbic, Branko"]
[Result "0-1"]
[WhiteElo "2017"]
[BlackElo "1782"]
[PlyCount "84"]
[EventDate "2008.01.22"]
[EventType "swiss"]
[EventRounds "9"]
[EventCountry "YUG"]
[SourceTitle "CBM 122 Extra"]
[Source "ChessBase"]
[SourceDate "2008.03.04"]
[SourceVersion "1"]
[SourceVersionDate "2008.03.04"]
[SourceQuality "1"]

1. d4 Nf6 2. g3 c5 3. dxc5 e6 4. Bg2 Bxc5 5. Nf3 0-0 6. c4 h6 7. 0-0 Nc6 8. Nc3 a6 9. a3 d6 10. b4 Bb6 11. Bb2 Qe7 12. Qc2 Rd8 13. Rad1 Bd7 14. e3 Be8 15. Rd2 Rac8 16. Rfd1 Ng4 17. Kh1 Nce5 18. Nxe5 Nxe5 19. c5 dxc5 20. Rxd8 Rxd8 21. Rxd8 Qxd8 22. bxc5 Bxc5 23. Ne4 Nd7 24. Qc3 Bf8 25. Bf3 b5 26. Kg2 Nb6 27. h4 Nc4 28. Bc1 f5 29. Nd2 Nxd2 30. Qxd2 Qxd2 31. Bxd2 Bd7 32. Bb4 Bxb4 33. axb4 Bc8 34. Bc6 Kf7 35. f4 Ke7 36. Kf2 Kd6 37. Bf3 a5 38. bxa5 Kc5 39. Ke2 Kb4 40. a6 Bxa6 41. Bc6 Kc3 42. Kd1 b4 0-1